00366nam a2200145Ia 4500008004100000020001500041041001200056082001600068100001600084245004200100260003700142300000800179650001500187700001800202221030s9999 xx 000 0 und d a8176293660 aEnglish a105.23bBat aG. S. Batra 0aGlobalisation & Functional Management bDeep & Deep PubaNew Delhic2005 a472 aManagement aR. C. Dangwal